Counties of Hungary Map Quiz - Statistics

General Stats
  • This quiz has been taken 48 times
  • The average score is 13 of 20
Answers on the Map
Answers color-coded by a green-red scale on the quiz's map according to % correct below.
 
Answer Stats
Answer % Correct
Budapest
92%
Pest
83%
Fejér
75%
Veszprém
75%
Györ-Moson-Sopron
71%
Komárom-Esztergom
71%
Bács-Kiskun
67%
Hajdú-Bihar
67%
Somogy
67%
Vas
67%
Borsod-Abaúj-Zemplén
63%
Jász-Nagykun-Szolnok
63%
Zala
63%
Baranya
58%
Békés
58%
Heves
58%
Nógrád
58%
Szabolcs-Szatmár-Bereg
58%
Tolna
58%
Csongrád-Csanad
54%
No matching quizzes found
Score Distribution
Percent of People with Each Score
Percentile by Number Answered
Your Score History
You have not taken this quiz